000 00587nam a2200229Ia 4500
003 OSt
005 20220923230452.0
006 a|||||r|||| 00| 0
007 ta
008 Pun
024 _a282,265
037 _cTextual
040 _aARTS
_cARTS
_bPun
041 _2Pun
_aPun
082 _aO153,3N301x, M7
100 _aਮਛਾਨਵੀ, ਸੁਮਨ
245 0 _aਅਕਾF ਗੰਗਾ
260 _c1987
650 _aਪੰਜਾਬੀ ਸਾਹਿਤ
942 _hO153,3N301x, M7
_cTEXL
_2CC
999 _c385032
_d385032